000 00639nam a22001937a 4500
999 _c176265
_d176265
005 20201208114120.0
010 _aUR-10954
020 _c200.00
_a9789390100354
035 _aU-9509
037 _bDBAD/PUB
082 _a841
100 _aمحسن نظا می
245 _aمخز ن تصو ف
_cمحسن نظا می
246 _bMaqzan-e-Tasawuf (Urdu)
_aby Mohsin Nizami
260 _aN.Delhi
_bEducational Publishing House
_c2020 ء
270 _aH.O.D1/16,Ansari Road,Darya ganj,
_bN.Delhi
_e110002
_k45678285,23216162
_l0091-11-23211540
300 _a179 ص
_c22 Cm(Hb)
942 _2ddc
_cUR
_h841
_mم ح س